| 000 | 00368nam a2200145Ia 4500 | ||
|---|---|---|---|
| 005 | 20251222153636.0 | ||
| 008 | 251222s9999||||xx |||||||||||||| ||spa|| | ||
| 020 | _a8445408178 | ||
| 082 | _a657/F42 | ||
| 100 | _aFernández Sotero, Amador | ||
| 245 | 0 | _aPlan General de Contabilidad: | |
| 250 | _a7ma.ed. | ||
| 264 | _bEdiciones Estudios financieros | ||
| 942 | _cLIB | ||
| 999 |
_c32565 _d32565 |
||